000 00273nam a2200109Ia 4500
008 190216s9999||||xx |||||||||||||| ||und||
100 _aCharles E St Thomas
245 0 _aPractical Business Planning
260 _bDb.Taraporevala Sons &co
_c1971
300 _a141p
942 _cBK
999 _c4682
_d4682